Bats around the clock / (Record no. 8272)

MARC details
000 -LEADER
fixed length control field 00972nam a22003017a 4500
001 - CONTROL NUMBER
control field 8272
003 - CONTROL NUMBER IDENTIFIER
control field FISKH
005 - DATE AND TIME OF LATEST TRANSACTION
control field 20250905161952.0
008 - FIXED-LENGTH DATA ELEMENTS--GENERAL INFORMATION
fixed length control field 250905b cb ||||| |||| 00| 0 eng d
020 ## - INTERNATIONAL STANDARD BOOK NUMBER
International Standard Book Number 0439243181
040 ## - CATALOGING SOURCE
Original cataloging agency FISKH
Language of cataloging eng
Transcribing agency FISKH
Modifying agency FISKH
050 ## - LIBRARY OF CONGRESS CALL NUMBER
Classification number PZ8.A554 B
082 ## - DEWEY DECIMAL CLASSIFICATION NUMBER
Classification number 529
100 ## - MAIN ENTRY--PERSONAL NAME
Personal name Appelt, Kathi
Dates associated with a name (1954-)
245 ## - TITLE STATEMENT
Title Bats around the clock /
Statement of responsibility, etc. By Kathi Appelt ; Illustrated by Mellissa Sweet
250 ## - EDITION STATEMENT
Edition statement This edition first published in 2001
260 ## - PUBLICATION, DISTRIBUTION, ETC.
Place of publication, distribution, etc. New York :
Name of publisher, distributor, etc. Scholastic,
Date of publication, distribution, etc. 2000
300 ## - PHYSICAL DESCRIPTION
Extent 30 unnumbered pages :
Other physical details color illustrations ;
Dimensions 23 cm
505 ## - FORMATTED CONTENTS NOTE
Formatted contents note N<br/>
520 ## - SUMMARY, ETC.
Summary, etc. Click Dark hosts a special twelve-hour program of American Batstand where the bats rock and roll until the midnight hour ends.<br/>
521 8# - TARGET AUDIENCE NOTE
Target audience note 570<br/>
Source Lexile<br/>
521 8# - TARGET AUDIENCE NOTE
Target audience note N<br/>
Source Raz-Plus<br/>
650 ## - SUBJECT ADDED ENTRY--TOPICAL TERM
Source of heading or term Halloween
Topical term or geographic name entry element Telling time
650 ## - SUBJECT ADDED ENTRY--TOPICAL TERM
Source of heading or term Clocks
Topical term or geographic name entry element Rhyme
700 ## - ADDED ENTRY--PERSONAL NAME
Personal name Sweet, Melissa
Dates associated with a name illustrator
942 ## - ADDED ENTRY ELEMENTS (KOHA)
Source of classification or shelving scheme Dewey Decimal Classification
Koha item type Books
Suppress in OPAC No
Holdings
Withdrawn status Lost status Source of classification or shelving scheme Damaged status Not for loan Collection Home library Current library Shelving location Date acquired Total Checkouts Full call number Barcode Date last seen Copy number Price effective from Koha item type
    Dewey Decimal Classification     Juvenile Fiction Footprints International School Library Network Toul Tom Poung Campus Footprints International School Library Network Toul Tom Poung Campus TTP Primary Yellow Bookshelves 09/05/2025   APP 529 PZ8.A554 B FISBK05260 09/05/2025 1 09/05/2025 Books